书目信息 |
| 题名: |
中国跨世纪绿色工程规划第一期(1996--2000年)
|
|
| 作者: | 国家环境? | |
| 分册: | ||
| 出版信息: | 北京 中国环境科学出版社 1996.12 |
|
| 页数: | 224页 | |
| 开本: | 16开 | |
| 丛书名: | ||
| 单 册: | ||
| 中图分类: | X32 | |
| 科图分类: | ||
| 主题词: | 环境规划 , 环境管理 , 环境堡规划 | |
| 电子资源: | ||
| ISBN: | 7-80135-200-9 | |
| 000 | 00697nam0 2200217 45 | |
| 001 | 0007191678 | |
| 005 | 20000715084540.4 | |
| 010 | @a7-80135-200-9@d37.50元 | |
| 100 | @a20000719d1996 km y0chiy0120 ea | |
| 101 | 0 | @achi |
| 105 | @a z 000yy | |
| 200 | 1 | @a中国跨世纪绿色工程规划第一期(1996--2000年)@AZhong Guo Kua Shi Ji Lu Se Gong Cheng Gui Hua Di Yi Qi(1996--2000 Nian)@f国家环境保护局等编@FGuo Jia Huan Jing Bao Hu Ju Deng Bian |
| 210 | @a北京@c中国环境科学出版社@d1996.12 | |
| 215 | @a224页@d16开 | |
| 606 | 0 | @a环境规划 |
| 606 | 0 | @a环境管理 |
| 606 | 0 | @a环境堡规划 |
| 690 | @aX32@v3 | |
| 701 | 0 | @a国家环境? |
| 801 | @aCN@bPftUser@c20000719 | |
| 905 | @b69452-471@dX32@eG:321=1@f20 | |
| 中国跨世纪绿色工程规划第一期(1996--2000年)/国家环境保护局等编.-北京:中国环境科学出版社,1996.12 |
| 224页;16开 |
| ISBN 7-80135-200-9:37.50元 |
| ● |
| 相关链接 |
|
|
|
正题名:中国跨世纪绿色工程规划第一期(1996--2000
索取号:X32/G:321=1
 
预约/预借
| 序号 | 登录号 | 条形码 | 馆藏地/架位号 | 状态 | 备注 |
| 1 | 69452 | 200694524 | 期刊室512/501自科库 65排5列5层/ [索取号:X32/G:321=1] | 在馆 | |
| 2 | 69453 | 200694533 | 期刊室512/501自科库 65排5列5层/ [索取号:X32/G:321=1] | 在馆 | |
| 3 | 69454 | 200694542 | 期刊室512/501自科库 65排5列5层/ [索取号:X32/G:321=1] | 在馆 | |
| 4 | 69455 | 200694551 | 期刊室512/501自科库 65排5列4层/ [索取号:X32/G:321=1] | 在馆 | |
| 5 | 69456 | 200694560 | 期刊室512/501自科库 65排5列5层/ [索取号:X32/G:321=1] | 在馆 | |
| 6 | 69457 | 200694579 | 自科二线504/501自科库 65排5列4层/ [索取号:X32/G:321=1] | 在馆 | |
| 7 | 69458 | 200694588 | 自科库501/501自科库 65排5列4层/ [索取号:X32/G:321=1] | 在馆 | |
| 8 | 69459 | 200694597 | 市政与环境工程学院资料室/ [索取号:X32/G:321=1] | 在馆 | |
| 9 | 69460 | 200694604 | 期刊室512/501自科库 65排5列5层/ [索取号:X32/G:321=1] | 在馆 | |
| 10 | 69461 | 200694613 | 期刊室512/501自科库 65排5列5层/ [索取号:X32/G:321=1] | 在馆 | |
| 11 | 69462 | 200694622 | 期刊室512/501自科库 65排5列5层/ [索取号:X32/G:321=1] | 在馆 | |
| 12 | 69463 | 200694631 | 自科库501/501自科库 65排5列5层/ [索取号:X32/G:321=1] | 在馆 | |
| 13 | 69464 | 200694640 | 市政与环境工程学院资料室/ [索取号:X32/G:321=1] | 在馆 | |
| 14 | 69465 | 200694659 | 自科二线504/501自科库 65排5列4层/ [索取号:X32/G:321=1] | 在馆 | |
| 15 | 69466 | 200694668 | 期刊室512/501自科库 65排5列5层/ [索取号:X32/G:321=1] | 在馆 | |
| 16 | 69467 | 200694677 | 期刊室512/501自科库 65排5列5层/ [索取号:X32/G:321=1] | 在馆 | |
| 17 | 69468 | 200694686 | 自科库501/501自科库 65排5列5层/ [索取号:X32/G:321=1] | 在馆 | |
| 18 | 69469 | 200694695 | 自科二线504/501自科库 65排5列4层/ [索取号:X32/G:321=1] | 在馆 | |
| 19 | 69470 | 200694702 | 自科库501/501自科库 65排5列4层/ [索取号:X32/G:321=1] | 在馆 | |
| 20 | 69471 | 200694711 | 期刊室512/501自科库 65排5列4层/ [索取号:X32/G:321=1] | 在馆 |